Computer troubleshooting, hardware and software (Record no. 568925)

000 -LEADER
fixed length control field 00497nam a22001697a 4500
003 - CONTROL NUMBER IDENTIFIER
control field CEME
005 - DATE AND TIME OF LATEST TRANSACTION
control field 20210628202223.0
008 - FIXED-LENGTH DATA ELEMENTS--GENERAL INFORMATION
fixed length control field 210226b xxu||||| |||| 00| 0 eng d
040 ## - CATALOGING SOURCE
Transcribing agency .
082 ## - DEWEY DECIMAL CLASSIFICATION NUMBER
Classification number 004.21 NAE
100 ## - MAIN ENTRY--PERSONAL NAME
Personal name Naeem Ahsan
9 (RLIN) 58818
245 ## - TITLE STATEMENT
Title Computer troubleshooting, hardware and software
260 ## - PUBLICATION, DISTRIBUTION, ETC.
Place of publication, distribution, etc. LAHORE
Name of publisher, distributor, etc. JEHANGIR BOOK DEPO
Date of publication, distribution, etc. 2002
300 ## - PHYSICAL DESCRIPTION
Extent 399P
650 ## - SUBJECT ADDED ENTRY--TOPICAL TERM
Topical term or geographic name entry element PC UPGRADE AND MAINTENANCE GUIDE TROUBLESHOOTING-COMPUTER HARDWARE AND SOFTWARE
9 (RLIN) 58819
942 ## - ADDED ENTRY ELEMENTS (KOHA)
Koha item type Book
Source of classification or shelving scheme
Holdings
Withdrawn status Lost status Damaged status Not for loan Permanent Location Current Location Shelving location Date acquired Total Checkouts Full call number Barcode Date last seen Price effective from Koha item type
        College of Electrical & Mechanical Engineering (CEME) College of Electrical & Mechanical Engineering (CEME) General Stacks 07/17/2017   004.21 NAE CEME-35715 06/28/2021 06/28/2021 Book
© 2023 Central Library, National University of Sciences and Technology. All Rights Reserved.